000 00974nam a22002057a 4500
003 OSt
005 20250430092335.0
008 240906b ||||| |||| 00| 0 eng d
040 _c0
082 _aDPer 621.317 Ie21 December 2022 v.37 n. 12 part 1&2.
100 _aDe Matin, Ismaele Diego.
_eauthor.
_960338
245 _aAvsis :
_ban analytical-solution-based solver for model-predictive control with hexagonal constraints in voltage-source inverter applications /
_cIsmaele Diego De Matin, Dario Pasqualotto, and Fabio Tinazzi.
260 _aNew York ;
_bThe Institute of Electrical and Electronics Engineers, Inc.,
_cDecember 2022.
300 _avolume 37, pages 14375-14384,
_billustration.
500 _aIEEE Transactions on Power Electronics, v. 37 n. 12, pages 14375-14384, December 2022.
700 _aDe Matin, Ismaele Diego.
_eauthor.
_960338
700 _aPasqualotto, Dario.
_eauthor.
_960339
700 _aTinazzi, Fabio.
_eauthor.
_960340
942 _2ddc
_cPER
999 _c21388
_d21388